书目信息 |
| 题名: |
沿途的风景
|
|
| 作者: | 翁剑青 著 | |
| 分册: | ||
| 出版信息: | 北京 中国大百科全书出版社 2019 |
|
| 页数: | 328页 | |
| 开本: | 21cm | |
| 丛书名: | 北京大学艺术学文丛 | |
| 单 册: | ||
| 中图分类: | J-53 | |
| 科图分类: | ||
| 主题词: | 艺术--文集 | |
| 电子资源: | ||
| ISBN: | 978-7-5202-0642-6 | |
| 000 | 00935oam2 2200241 450 | |
| 001 | 2360463640 | |
| 005 | 20231209234847.65 | |
| 010 | @a978-7-5202-0642-6@dCNY69.00 | |
| 100 | @a20200917d2019 em y0chiy50 ea | |
| 101 | 0 | @achi |
| 102 | @aCN@b110000 | |
| 105 | @ay z 000yy | |
| 200 | 1 | @a沿途的风景@Ayan tu de feng jing@e中国艺术情境与公共之维@f翁剑青著 |
| 210 | @a北京@c中国大百科全书出版社@d2019@h2020印 | |
| 215 | @a328页@d21cm | |
| 225 | 1 | @a北京大学艺术学文丛@h第二辑@f彭锋总主编 |
| 330 | @a本书分为公共艺术篇和美术理论篇两编,收录了《公共艺术与社区振兴》《当代公共艺术与公共知识分子》《略谈当代中国公共艺术建设中的公共性问题》《后现代主义与中国当代美术之审视》《“泛雕塑”概念的当代意义与文化支点》等文章。 | |
| 410 | 0 | @12001 @a北京大学艺术学文丛 |
| 606 | 0 | @a艺术@j文集 |
| 690 | @aJ-53@v5 | |
| 701 | 0 | @a翁剑青@Aweng jian qing@4著 |
| 801 | 0 | @aCN@b大连网信软件有限公司图书馆·11@c20231016 |
| 905 | @aZUCC@dJ-53@e5 | |
| 沿途的风景:中国艺术情境与公共之维/翁剑青著.-北京:中国大百科全书出版社,2019(2020印) |
| 328页;21cm.-(北京大学艺术学文丛.第二辑/彭锋总主编) |
| ISBN 978-7-5202-0642-6:CNY69.00 |
| 本书分为公共艺术篇和美术理论篇两编,收录了《公共艺术与社区振兴》《当代公共艺术与公共知识分子》《略谈当代中国公共艺术建设中的公共性问题》《后现代主义与中国当代美术之审视》《“泛雕塑”概念的当代意义与文化支点》等文章。 |
| ● |
| 相关链接 |
|
|
|
正题名:沿途的风景
索取号:J-53/5
 
预约/预借
| 序号 | 登录号 | 条形码 | 馆藏地/架位号 | 状态 | 备注 |
| 1 | 2001025365 | 2001025365 | 第四书库/四36架A面6层4列/ [索取号:J-53/5] | 在馆 | |
| 2 | 2001025366 | 2001025366 | 第四书库/四36架A面6层4列/ [索取号:J-53/5] | 在馆 | |
| 3 | 2001025367 | 2001025367 | 第四书库/四36架A面6层4列/ [索取号:J-53/5] | 在馆 | |
| 4 | 2001025368 | 2001025368 | 第四书库/四36架A面6层4列/ [索取号:J-53/5] | 在馆 | |
| 5 | 2001025369 | 2001025369 | 第四书库/四36架A面6层4列/ [索取号:J-53/5] | 在馆 | |
| 6 | 2001025370 | 2001025370 | 第四书库/四36架A面6层4列/ [索取号:J-53/5] | 在馆 |